000
00326nam a2200133Ia 4500
008
191201s2005 xx 000 0 und d
100
_a
ROHANS
245
2
_a
A Text Book of Synonyms and Antonyms
250
_a
1st
260
_a
N.Delhi
_b
Rohan Book Company
_c
2005
300
_a
524
650
_a
General Books
942
_2
ddc
_c
BK
999
_c
2498
_d
2498